Szczegóły MARC21

Zeszyty Naukowe Uniwersytetu Jagiellońskiego. Seria Nauk Społecznych. Filologia.

001 -Numer kontrolny rekordu [,]
    • @
    • pole kontrolne
    • cc95204288
005 -Data i czas ostatniej zmiany [,]
    • @
    • Data ostatniej zmiany
    • 20241231090821.0
022 -Międzynarodowy Znormalizowany Numer Wydawnictwa Ciągłego - ISSN [ , ]
    • a
    • International Standard Serial Number
    • 0450-9013
035 -Inne numery kontrolne [ , ]
    • a
    • Numer kontrolny
    • (OCoLC)909633188
040 -Instytucja sporządzająca opis [ , ]
    • a
    • Instytucja, która sporządziła opis (NP)
    • KR U/MBK
    • c
    • Instytucja, która sporządziła rekord (NP)
    • KR U/MBK
    • d
    • Instytucja, która zmodyfikowała rekord (P)
    • KR U/MBKs
    • d
    • Instytucja, która zmodyfikowała rekord (P)
    • KAT U/AM
041 -Język dokumentu [0, ]
    • a
    • Język tekstu (P)
    • polski
    • b
    • Język streszczeń(P)
    • eng
    • b
    • Język streszczeń(P)
    • rus
942 -Rodzaj dokumentu [ , ]
    • c
    • Rodzaj dokumentu
    • Wydaw. ciągłe w tym czasopisma
998 -Inne dane NUKAT [ , ]
    • a
    • Numer systemowy
    • vtls000024621
210 -Skrót tytułu [1, ]
    • a
    • Skrót tytułu
    • Zesz. Nauk. Uniw. Jagiell., Ser. Nauk Społ., Filol.
222 -Tytuł kluczowy [ ,0]
    • a
    • Tytuł kluczowy
    • Zeszyty Naukowe Uniwersytetu Jagiellońskiego. Seria Nauk Społecznych. Filologia
245 -Strefa tytułu i oznaczenia odpowiedzialności [0,0]
    • a
    • Tytuł
    • Zeszyty Naukowe Uniwersytetu Jagiellońskiego.
    • p
    • Nazwa części (P)
    • Seria Nauk Społecznych.
    • p
    • Nazwa części (P)
    • Filologia.
246 -Wariant tytułu [1,0]
    • a
    • Tytuł (NP)
    • Seria Nauk Społecznych.
    • p
    • Nazwa części (P)
    • Filologia
246 -Wariant tytułu [1,0]
    • a
    • Tytuł (NP)
    • Filologia
260 -Strefa adresu wydawniczego [ , ]
    • a
    • Miejsce wydania (P)
    • Kraków :
    • b
    • Nazwa wydawcy (P)
    • Państwowe Wydawnictwo Naukowe,
    • c
    • Data wydania (P)
    • 1955-1958.
830 -Hasło dodatkowe serii i opisu książki wielotomowej - tytuł ujednolicony/tytuł [ ,0]
    • a
    • Tytuł ujednolicony/tytuł (NP)
    • Zeszyty Naukowe Uniwersytetu Jagiellońskiego
    • x
    • ISSN
    • 0860-0139
300 -Strefa opisu fizycznego [ , ]
    • c
    • Format (NP)
    • 24 cm.
336 -Typ zawartości [ , ]
    • a
    • Termin opisujący typ zawartości
    • Tekst
    • b
    • Typ/rodzaj nośnika
    • txt
    • 2
    • Źródło (termin i kod)
    • rdacontent
337 -Typ mediów [ , ]
    • a
    • Tryb odtwarzania
    • Bez urządzenia pośredniczącego
    • b
    • Kod typu mediów
    • n
    • 2
    • Źródło (termin i kod)
    • rdamedia
338 -Typ/rodzaj nośnika [ , ]
    • a
    • Hasło opisujące typ nośnika
    • Wolumin
    • b
    • Kod typu nośnika
    • nc
    • 2
    • Źródło (termin i kod)
    • rdacarrier
362 -Strefa numeracji [0, ]
    • a
    • Strefa numeracji
    • Z. 1-4.
490 -Strefa serii i książki wielotomowej - forma nie do wyszukiwania [1, ]
    • a
    • Tytuł (P)
    • Zeszyty Naukowe Uniwersytetu Jagiellońskiego
500 -Uwaga ogólna [ , ]
    • a
    • Uwaga ogólna (NP)
    • W zbiorze ogólnym zeszytów naukowych nr 5, 9, 13, 17.
546 -Uwaga dot. języka [ , ]
    • a
    • Uwaga dot. języka
    • Streszcz. ang. i ros.
580 -Uwaga o pozycji związanej [ , ]
    • a
    • Uwaga o pozycji związanej
    • Od r. 1959 seria: "Zeszyty Naukowe Uniwersytetu Jagiellońskiego. Seria Nauk Społecznych. Filologia" została podzielona na 2 osobne podserie: "Prace Historycznoliterackie" oraz "Prace Językoznawcze". Find
650 -Hasło przedmiotowe - nazwa pospolita [ ,7]
    • a
    • Hasło przedmiotowe
    • Językoznawstwo
650 -Hasło przedmiotowe - nazwa pospolita [ ,7]
    • a
    • Hasło przedmiotowe
    • Literatura
    • x
    • Określnik rzeczowy
    • historia i krytyka
710 -Hasło dodatkowe - nazwa ciała zbiorowego [2, ]
    • a
    • Nazwa ciała zbiorowego lub nazwa geograficzna jako pierwszy element (NP)
    • Uniwersytet Jagielloński.
710 -Hasło dodatkowe - nazwa ciała zbiorowego [2, ]
    • a
    • Nazwa ciała zbiorowego lub nazwa geograficzna jako pierwszy element (NP)
    • Państwowe Wydawnictwo Naukowe (1951-1992).
    • 4
    • Określenie rodzaju współpracy
    • pbl
785 -Tytuł następny wydawnictwa [0,6]
    • t
    • Title
    • Zeszyty Naukowe Uniwersytetu Jagiellońskiego. Prace Historycznoliterackie
    • x
    • International Standard Serial Number
    • 0083-436X
    • w
    • Record control number
    • (NUKAT)cc95204290
785 -Tytuł następny wydawnictwa [0,6]
    • t
    • Title
    • Zeszyty Naukowe Uniwersytetu Jagiellońskiego. Prace Językoznawcze
    • x
    • International Standard Serial Number
    • 0083-4378
    • w
    • Record control number
    • (NUKAT)cc95204289
952 -Egzemplarz [ , ]
    • c
    • Sygnatura
    • Ec.1425
    • d
    • Lokalizacja
    • BE Biblioteka Ekonomiczna
    • i
    • Nr tomu wydaw.cg
    • Z. 1 (1955)
    • y
    • Status udostępniania
    • Tylko na miejscu
952 -Egzemplarz [ , ]
    • c
    • Sygnatura
    • Ec.1425
    • d
    • Lokalizacja
    • BE Biblioteka Ekonomiczna
    • i
    • Nr tomu wydaw.cg
    • Z. 3 (1957)
    • y
    • Status udostępniania
    • Tylko na miejscu
952 -Egzemplarz [ , ]
    • c
    • Sygnatura
    • Cg.123 (.p.202)
    • d
    • Lokalizacja
    • BG Dział Udostępniania Biblioteka Główna
    • i
    • Nr tomu wydaw.cg
    • Z.1 (1955)
    • y
    • Status udostępniania
    • Tylko na miejscu
952 -Egzemplarz [ , ]
    • c
    • Sygnatura
    • Cg.123 (.p.202)
    • d
    • Lokalizacja
    • BG Dział Udostępniania Biblioteka Główna
    • i
    • Nr tomu wydaw.cg
    • Z.3 (1957)
    • y
    • Status udostępniania
    • Tylko na miejscu
952 -Egzemplarz [ , ]
    • c
    • Sygnatura
    • Cg.123 (.p.202)
    • d
    • Lokalizacja
    • BG Dział Udostępniania Biblioteka Główna
    • i
    • Nr tomu wydaw.cg
    • Z.4 (1958)
    • y
    • Status udostępniania
    • Tylko na miejscu
952 -Egzemplarz [ , ]
    • p
    • Kod kreskowy
    • 2003900080019
    • a
    • Numer inwentarzowy
    • Pc.8001
    • c
    • Sygnatura
    • Pc.931
    • d
    • Lokalizacja
    • BM Biblioteka Międzywydziałowa
    • i
    • Nr tomu wydaw.cg
    • Z. 1 (1955)
    • r
    • Cena
    • 2.00
    • w
    • Data inwentaryzacji
    • 2024-07-22
    • y
    • Status udostępniania
    • Tylko na miejscu
    • z
    • Sposób nabycia
    • e
    • Akcesja
    • 24ic6/14
952 -Egzemplarz [ , ]
    • p
    • Kod kreskowy
    • 2003900080026
    • a
    • Numer inwentarzowy
    • Pc.8002
    • c
    • Sygnatura
    • Pc.931
    • d
    • Lokalizacja
    • BM Biblioteka Międzywydziałowa
    • i
    • Nr tomu wydaw.cg
    • Z. 2 (1956)
    • r
    • Cena
    • 2.00
    • w
    • Data inwentaryzacji
    • 2024-07-22
    • y
    • Status udostępniania
    • Tylko na miejscu
    • z
    • Sposób nabycia
    • e
    • Akcesja
    • 24ic6/15
952 -Egzemplarz [ , ]
    • a
    • Numer inwentarzowy
    • Pc.931
    • c
    • Sygnatura
    • Pc.931
    • d
    • Lokalizacja
    • BM Biblioteka Międzywydziałowa
    • i
    • Nr tomu wydaw.cg
    • Z. 4 (1958)
    • p
    • Kod kreskowy
    • 2003900009317
    • r
    • Cena
    • 150.00
    • y
    • Status udostępniania
    • Tylko na miejscu
    • z
    • Sposób nabycia
952 -Egzemplarz [ , ]
    • a
    • Numer inwentarzowy
    • P.612
    • d
    • Lokalizacja
    • BM Biblioteka Międzywydziałowa
    • g
    • Ubytek
    • 7/2022 - 2022-01-04
    • i
    • Nr tomu wydaw.cg
    • Z. 2 (1956)
    • p
    • Kod kreskowy
    • 2001500006125
    • r
    • Cena
    • 106.00
    • v
    • Data wprowadzenia opisu
    • 2026-02-06
    • y
    • Status udostępniania
    • Niedostępne
    • z
    • Sposób nabycia
952 -Egzemplarz [ , ]
    • a
    • Numer inwentarzowy
    • P.613
    • d
    • Lokalizacja
    • BM Biblioteka Międzywydziałowa
    • g
    • Ubytek
    • 7/2022 - 2022-01-04
    • i
    • Nr tomu wydaw.cg
    • Z. 4 (1958)
    • p
    • Kod kreskowy
    • 2001500006132
    • r
    • Cena
    • 120.00
    • v
    • Data wprowadzenia opisu
    • 2026-02-06
    • y
    • Status udostępniania
    • Niedostępne
    • z
    • Sposób nabycia